[Event "Kimry-ch op"]
[Site "Kimry"]
[Date "2017.01.07"]
[Round "9"]
[White "Gusev, Denis"]
[Black "Ivanov, Igor2222"]
[Result "1-0"]
[WhiteElo "2149"]
[BlackElo "1844"]
[PlyCount "37"]
[EventDate "2017.01.02"]
[EventType "swiss"]
[EventRounds "9"]
[EventCountry "RUS"]
[SourceTitle "EXT 2018"]
[Source "ChessBase"]
[SourceDate "2017.10.13"]
[SourceVersion "1"]
[SourceVersionDate "2017.10.13"]
[SourceQuality "1"]

1. d4 Nf6 2. Nf3 g6 3. c4 Bg7 4. g3 0-0 5. Bg2 d6 6. Nc3 Nc6 7. 0-0 a6 8. h3 Rb8 9. a4 Na5 10. b3 c5 11. Be3 Qb6 12. Rb1 Rd8 13. g4 Nc6 14. g5 Nh5 15. Nd5 Qa7 16. dxc5 dxc5 17. Nxe7+ Kf8 18. Nxc6 Rxd1 19. Nxa7 1-0

[Event "Moscow op"]
[Site "Moscow"]
[Date "2011.01.08"]
[Round "5"]
[White "Ustinov, Alexey"]
[Black "Gusev, Denis"]
[Result "0-1"]
[WhiteElo "2179"]
[BlackElo "2112"]
[PlyCount "56"]
[EventDate "2011.01.03"]
[EventType "swiss"]
[EventRounds "9"]
[EventCountry "RUS"]
[SourceTitle "CBM 140 Extra"]
[Source "ChessBase"]
[SourceDate "2011.03.01"]
[SourceVersion "1"]
[SourceVersionDate "2011.03.01"]
[SourceQuality "1"]

1. a3 d5 2. d4 Nf6 3. g3 g6 4. Bg2 Bg7 5. Nf3 0-0 6. 0-0 Bf5 7. Nh4 Nbd7 8. Nxf5 gxf5 9. Qd3 e6 10. c4 c6 11. Nc3 Ne4 12. f3 dxc4 13. Qd1 Nxc3 14. bxc3 Qa5 15. Bb2 Nb6 16. a4 c5 17. e3 Rfd8 18. f4 Nd5 19. Bxd5 Rxd5 20. Qe2 cxd4 21. exd4 Rc8 22. Rfb1 Rc6 23. Qf3 Bf8 24. Ba3 Bxa3 25. Rxa3 Rb6 26. Raa1 Rb3 27. Rc1 Rxd4 28. Qh5 Rd2 0-1